[Event "Jersey Brigade 2009 Invitational"]
[Date "2011.01.01"]
[EndDate "2011.07.28"]
[Round "4"]
[White "chris lemieux"]
[Black "tomasino"]
[WhiteRating "1530"]
[BlackRating "1785"]
[WhiteElo "1530"]
[BlackElo "1785"]
[Result "1-0"]
[GameId "8056562"]

1. e4 c5 2. Ng1f3 d6 3. d4 cxd4 4. Nf3xd4 Nb8c6 5. Nb1c3 Ng8f6 6. Bf1c4 e6 7. Bc1e3 a6 8. O-O Qd8c7 9. f4 Bc8d7 10. a3 Bf8e7 11. b4 b5 12. Bc4b3 Ra8b8 13. Qd1d2 Nf6g4 14. h3 Ng4xe3 15. Qd2xe3 Nc6xd4 16. Qe3xd4 e5 17. fxe5 dxe5 18. Bb3xf7 Ke8d8 19. Qd4d2 Qc7a7 20. Kg1h1 a5 21. Qd2d5 Qa7c7 22. Bf7e6 Rh8f8 23. Rf1xf8 Be7xf8 24. bxa5 b4 25. Ra1b1 Bf8d6 26. Be6xd7 Qc7xd7 27. Qd5g8 Kd8c7 28. Qg8c4 Kc7d8 29. axb4 Rb8c8 30. Qc4g8 Kd8c7 31. Nc3d5 Kc7b7 32. Nd5b6 Rc8xg8 33. Nb6xd7 Rg8c8 34. Nd7c5 Bd6xc5 35. bxc5 Kb7a6 36. g4 Rc8xc5 37. Rb1f1 Rc5xc2 38. Rf1f5 Rc2c5 39. Rf5f7 Rc5xa5 40. Rf7xg7 h6 41. Rg7g6 Ka6b5 42. Rg6xh6 Kb5c5 43. Rh6f6 Ra5a1 44. Kh1g2 Ra1a2 45. Kg2g3 Ra2a1 46. g5 Ra1g1 47. Kg3h4 Kc5d4 48. g6 Kd4xe4 49. Kh4h5 Ke4d5 50. Kh5h6 Rg1h1 51. Rf6f3 e4 52. Rf3g3 Rh1a1 53. g7 1-0

[Event "Clan RHP Coorespondance"]
[Date "2010.11.27"]
[EndDate "2011.01.06"]
[Round "?"]
[White "sbacat"]
[Black "tomasino"]
[WhiteRating "1656"]
[BlackRating "1785"]
[WhiteElo "1656"]
[BlackElo "1785"]
[Result "1-0"]
[GameId "7962315"]

1. e4 c5 2. Ng1f3 d6 3. d4 cxd4 4. Nf3xd4 Ng8f6 5. Nb1c3 a6 6. Bf1d3 e6 7. Bc1g5 Bf8e7 8. O-O Bc8d7 9. f4 Nb8c6 10. Nd4xc6 bxc6 11. Kg1h1 Qd8c7 12. Qd1e2 a5 13. Ra1e1 Ra8b8 14. Nc3a4 e5 15. fxe5 dxe5 16. h3 c5 17. b3 h6 18. Bg5e3 g5 19. Qe2f2 Bd7xa4 20. bxa4 c4 21. Bd3e2 O-O 22. h4 Nf6xe4 23. Qf2f3 Qc7c6 24. hxg5 Be7xg5 25. Qf3g4 f6 26. Be3xg5 Ne4xg5 27. Be2xc4 Kg8g7 28. Bc4b3 Rb8d8 29. Kh1h2 Rd8d4 30. Qg4g3 Qc6d6 31. c3 Rd4f4 32. Re1d1 Qd6c7 33. Kh2h1 Rf4xf1 34. Rd1xf1 Qc7d6 35. Rf1d1 Qd6a3 36. Rd1d7 Kg7h8 37. Qg3h4 Qa3c1 38. Rd7d1 Qc1xc3 39. Qh4xh6 Ng5h7 40. Rd1d7 Qc3e1 41. Kh1h2 Qe1e4 42. Qh6g7 1-0

[Event "Ladder"]
[Date "2010.03.18"]
[EndDate "2010.06.05"]
[Round "?"]
[White "tomasino"]
[Black "pijun"]
[WhiteRating "1785"]
[BlackRating "1901"]
[WhiteElo "1785"]
[BlackElo "1901"]
[Result "0-1"]
[GameId "7268781"]

1. e4 c5 2. Ng1f3 Nb8c6 3. Bf1b5 e6 4. Bb5xc6 bxc6 5. d3 Ng8e7 6. Nb1d2 Ne7g6 7. e5 Bf8e7 8. Nd2c4 O-O 9. h4 f6 10. exf6 Be7xf6 11. h5 Ng6e7 12. h6 g6 13. Bc1g5 Ne7f5 14. Bg5xf6 Qd8xf6 15. c3 Ra8b8 16. Qd1d2 Bc8a6 17. g4 Ba6xc4 18. dxc4 Nf5e7 19. Rh1h3 d5 20. Qd2e2 d4 21. Nf3e5 Rb8b7 22. Rh3f3 Qf6h4 23. Rf3xf8 Kg8xf8 24. Qe2f3 Kf8e8 25. Qf3f7 Ke8d8 26. O-O-O Qh4xh6 0-1

[Event "Ladder"]
[Date "2010.02.27"]
[EndDate "2010.05.11"]
[Round "?"]
[White "tomasino"]
[Black "King Lear"]
[WhiteRating "1785"]
[BlackRating "1710"]
[WhiteElo "1785"]
[BlackElo "1710"]
[Result "0-1"]
[GameId "7213654"]

1. e4 c5 2. Ng1f3 d6 3. d4 cxd4 4. Nf3xd4 Ng8f6 5. Nb1c3 Nb8c6 6. Bf1e2 e6 7. Bc1g5 Bf8e7 8. f4 a6 9. O-O O-O 10. f5 Nc6e5 11. Nd4f3 Ne5xf3 12. Rf1xf3 Nf6e8 13. Bg5e3 Bc8d7 14. Qd1d2 b5 15. Ra1f1 Be7f6 16. a3 Ra8c8 17. Rf3g3 Bf6xc3 18. bxc3 Bd7c6 19. Be3h6 Qd8b6 20. Kg1h1 f6 21. fxe6 Rc8c7 22. Be2d3 Qb6c5 23. a4 bxa4 24. Rf1f5 Qc5b6 25. Bh6e3 Qb6b1 26. Rf5f1 Qb1a2 27. c4 Rc7e7 28. Be3d4 Re7b7 29. Rg3e3 Qa2a3 30. e5 fxe5 31. Rf1xf8 Kg8xf8 32. Qd2f2 Ne8f6 33. Bd3e4 Qa3xe3 34. Bd4xe3 Rb7b1 35. Qf2g1 Rb1xg1 36. Kh1xg1 Bc6xe4 37. c5 Kf8e7 38. cxd6 Ke7xd6 39. c3 a3 40. Be3c1 a2 41. Bc1b2 Kd6xe6 42. c4 Be4d3 0-1

[Event "RHP Coorespondance"]
[Date "2009.06.02"]
[EndDate "2009.08.11"]
[Round "?"]
[White "tomasino"]
[Black "SageCyan"]
[WhiteRating "1785"]
[BlackRating "1522"]
[WhiteElo "1785"]
[BlackElo "1522"]
[Result "0-1"]
[GameId "6378161"]

1. e4 c6 2. Ng1f3 Ng8f6 3. Nb1c3 b5 4. e5 Nf6d5 5. Nc3xd5 cxd5 6. Bf1xb5 a6 7. Bb5a4 Nb8c6 8. c3 g6 9. d4 e6 10. b4 Bf8g7 11. b5 Nc6a5 12. Ra1b1 Na5c4 13. O-O a5 14. b6 Nc4xb6 15. Bc1a3 Nb6c4 16. Ba3c5 Bc8a6 17. Rf1e1 Ra8c8 18. Nf3d2 Rc8b8 19. Qd1c2 Bg7f8 20. Bc5xf8 Ke8xf8 21. Nd2xc4 Rb8xb1 22. Qc2xb1 Ba6xc4 23. Qb1b7 Bc4xa2 24. Re1e2 Qd8g5 25. g3 Qg5c1 26. Kg1g2 Ba2c4 27. Re2c2 Qc1f1 28. Kg2f3 Qf1h1 29. Kf3g4 Qh1e4 30. f4 h5 31. Kg4h3 Bc4f1 32. Kh3h4 Qe4f5 33. h3 0-1

[Event "Siege"]
[Date "2009.04.06"]
[EndDate "2009.04.17"]
[Round "?"]
[White "tomasino"]
[Black "DawgHaus"]
[WhiteRating "1785"]
[BlackRating "2138"]
[WhiteElo "1785"]
[BlackElo "2138"]
[Result "0-1"]
[GameId "6190875"]

1. e4 e6 2. d4 d5 3. Nb1c3 Bf8b4 4. Ng1e2 dxe4 5. Bc1d2 Bb4xc3 6. Bd2xc3 Ng8f6 7. Ne2g3 O-O 8. Bc3b4 Rf8e8 9. Qd1d2 Nb8c6 10. Bb4c3 e5 11. O-O-O Bc8g4 12. Bf1e2 exd4 13. Be2xg4 Nf6xg4 14. Bc3xd4 Nc6xd4 15. Qd2xd4 Qd8xd4 16. Rd1xd4 Ng4xf2 17. Rh1e1 Ra8d8 18. Rd4xd8 Re8xd8 19. Ng3xe4 Nf2xe4 20. Re1xe4 Kg8f8 21. g4 Rd8d6 22. a4 Rd6h6 23. Re4e2 Rh6h4 24. Re2g2 h5 25. gxh5 Rh4xa4 26. Rg2g3 Ra4h4 27. Rg3c3 c6 28. Rc3a3 a6 29. Ra3b3 Rh4xh5 30. Rb3xb7 Rh5xh2 31. Rb7b8 Kf8e7 32. Rb8b7 Ke7e6 33. Rb7b6 g5 34. Rb6xc6 Ke6e5 35. b3 g4 36. Rc6c5 Ke5f4 37. Rc5c4 Kf4f3 38. Rc4c7 f5 39. Rc7c3 Kf3f2 0-1

[Event "RHP Coorespondance"]
[Date "2009.02.15"]
[EndDate "2009.03.27"]
[Round "?"]
[White "Fellgray"]
[Black "tomasino"]
[WhiteRating "1492"]
[BlackRating "1785"]
[WhiteElo "1492"]
[BlackElo "1785"]
[Result "1-0"]
[GameId "6012229"]

1. e4 c5 2. c3 Nb8c6 3. a3 d6 4. b4 Ng8f6 5. f3 g6 6. g4 Bf8g7 7. Ng1h3 Nc6e5 8. d4 Ne5xg4 9. fxg4 Bc8xg4 10. Qd1a4 Bg4d7 11. Qa4b3 Nf6xe4 12. Nh3g5 Ne4xg5 13. Bc1xg5 b5 14. bxc5 dxc5 15. Bf1xb5 O-O 16. Bb5c4 cxd4 17. Rh1f1 Bd7f5 18. Ra1a2 Qd8d6 19. Ra2e2 Ra8b8 20. Qb3a2 dxc3 21. Rf1xf5 gxf5 22. Bg5xe7 Qd6f4 23. Be7xf8 Qf4c1 24. Ke1f2 Bg7d4 25. Kf2f3 Rb8xb1 26. Bf8h6 Qc1f1 27. Kf3g3 Qf1g1 28. Re2g2 Qg1e1 29. Kg3h3 Kg8h8 30. Bc4xf7 Rb1b8 31. Qa2d5 Bd4e5 32. Qd5b5 Rb8d8 33. Qb5e2 Qe1xe2 34. Rg2xe2 Rd8d3 35. Kh3g2 Rd3d6 36. Bh6e3 Kh8g7 37. Bf7b3 f4 38. Be3xa7 Rd6g6 39. Kg2f1 Rg6a6 40. Ba7c5 Kg7f6 41. a4 Ra6c6 42. Bc5f2 Rc6a6 43. Kf1g2 h5 44. Kg2h3 Kf6f5 45. Bb3c2 Kf5f6 46. Kh3h4 f3 47. Re2e3 Be5xh2 48. Re3xf3 Kf6e7 49. Rf3xc3 1-0

[Event "RHP Coorespondance"]
[Date "2009.02.01"]
[EndDate "2009.02.14"]
[Round "?"]
[White "tomasino"]
[Black "imetfischer"]
[WhiteRating "1785"]
[BlackRating "1416"]
[WhiteElo "1785"]
[BlackElo "1416"]
[Result "0-1"]
[GameId "5955113"]

1. e4 g6 2. d4 Bf8g7 3. Nb1c3 d6 4. Bf1c4 e6 5. Qd1f3 Bg7xd4 6. Ng1e2 Bd4g7 7. h4 Ng8f6 8. Bc1g5 Nb8d7 9. O-O-O h6 10. Bg5xf6 Qd8xf6 11. Ne2f4 Nd7e5 12. Bc4b5 c6 13. Qf3e3 cxb5 14. Nc3xb5 O-O 15. Nb5xd6 Ne5g4 16. e5 Ng4xe5 17. f3 Ne5d7 18. Nd6c4 b5 19. Nc4d6 Qf6xb2 20. Kc1d2 Qb2xa2 21. h5 Qa2a5 22. Kd2e2 Bc8a6 23. Nf4xe6 b4 24. Ke2f2 fxe6 25. Kf2g3 Qa5e5 26. Qe3xe5 Bg7xe5 27. Kg3f2 Nd7f6 28. hxg6 Kg8g7 29. g4 Kg7xg6 30. Rh1e1 Be5xd6 31. Rd1xd6 Ba6c4 32. Rd6d4 Ra8c8 33. Kf2g2 a5 34. Kg2h3 Rf8e8 35. Kh3h4 Bc4d5 36. f4 Rc8xc2 37. g5 hxg5 38. fxg5 Re8h8 39. Kh4g3 Rc2g2 40. Kg3f4 Rh8h4 41. Kf4e5 Rg2xg5 0-1

[Event "Clan RHP Coorespondance"]
[Date "2009.01.24"]
[EndDate "2009.03.10"]
[Round "?"]
[White "deejhitler"]
[Black "tomasino"]
[WhiteRating "1384"]
[BlackRating "1785"]
[WhiteElo "1384"]
[BlackElo "1785"]
[Result "1-0"]
[GameId "5925770"]

1. e4 c5 2. Bf1c4 e6 3. Ng1f3 d5 4. exd5 exd5 5. Bc4b5 Bc8d7 6. Bb5d3 Ng8f6 7. c4 g6 8. O-O Bf8g7 9. Rf1e1 Bd7e6 10. Nf3g5 Qd8d7 11. Ng5xe6 fxe6 12. Nb1c3 O-O 13. b3 Nb8c6 14. Bc1a3 d4 15. Nc3e4 b6 16. Ne4g5 e5 17. Bd3c2 Nf6h5 18. Bc2e4 Bg7h6 19. Be4d5 Kg8h8 20. Ng5e6 Rf8f5 21. g4 Rf5f6 22. gxh5 gxh5 23. Re1xe5 Nc6xe5 24. Bd5xa8 Rf6g6 25. Kg1f1 Qd7xe6 26. Qd1xh5 d3 27. Ba3b2 Qe6g8 28. Bb2xe5 Bh6g7 29. Ba8e4 Rg6h6 30. Qh5xh6 Bg7xe5 31. Ra1e1 Qg8g7 32. Qh6h4 h6 33. Be4d5 Qg7g5 34. Qh4xg5 hxg5 35. Re1xe5 Kh8g7 36. Re5xg5 Kg7f6 37. h4 a5 38. f4 b5 39. cxb5 a4 40. bxa4 c4 41. Bd5xc4 Kf6e7 42. b6 1-0

[Event "NJPP-Duel I"]
[Date "2008.12.23"]
[EndDate "2009.01.27"]
[Round "1"]
[White "tomasino"]
[Black "ganilon"]
[WhiteRating "1785"]
[BlackRating "1607"]
[WhiteElo "1785"]
[BlackElo "1607"]
[Result "0-1"]
[GameId "5790285"]

1. f4 Ng8f6 2. Ng1f3 d6 3. e3 e5 4. fxe5 dxe5 5. Nf3xe5 Nf6e4 6. Bf1c4 Qd8h4 7. g3 Ne4xg3 8. Qd1f3 Ng3xh1 9. Ke1d1 f6 10. Qf3xh1 fxe5 11. b3 Bc8g4 12. Bc4e2 Bf8e7 13. Bc1b2 Bg4xe2 14. Kd1xe2 Qh4g4 15. Qh1f3 Qg4xf3 16. Ke2xf3 O-O 17. Kf3e2 e4 18. Nb1c3 Be7f6 19. Ra1g1 Nb8c6 20. Bb2a1 Nc6b4 21. Nc3xe4 Bf6xa1 22. Rg1xa1 Nb4xc2 23. Ra1c1 Nc2b4 24. Rc1xc7 Nb4xa2 25. Rc7xb7 Na2c1 26. Ke2d1 Rf8f1 27. Kd1c2 Ra8c8 28. Ne4c3 Nc1e2 29. Kc2d3 Ne2xc3 30. dxc3 Rf1d1 31. Kd3c2 Rc8d8 32. b4 Rd8d2 33. Kc2b3 a5 34. b5 Rd1b1 35. Kb3c4 Rd2xh2 36. Kc4d5 Rh2h5 37. Kd5e6 Rh5h6 38. Ke6e7 g5 39. Rb7b8 Kg8g7 40. Rb8f8 Rb1xb5 41. Rf8f7 Kg7g6 42. Rf7f6 Kg6h5 43. Rf6xh6 Kh5xh6 44. Ke7d6 a4 45. c4 Rb5b3 46. c5 a3 47. c6 a2 48. c7 Rb3c3 49. Kd6d7 a1=Q 50. c8=Q Rc3xc8 51. Kd7xc8 Qa1c3 52. Kc8d7 Qc3xe3 53. Kd7d6 Kh6g6 0-1

[Event "RHP Coorespondance"]
[Date "2008.10.15"]
[EndDate "2008.10.24"]
[Round "?"]
[White "tomasino"]
[Black "jvolk123"]
[WhiteRating "1785"]
[BlackRating "1295"]
[WhiteElo "1785"]
[BlackElo "1295"]
[Result "0-1"]
[GameId "5550274"]

1. e4 c5 2. Nb1c3 e6 3. g3 d5 4. exd5 exd5 5. d4 Ng8f6 6. Bf1g2 cxd4 7. Qd1xd4 Nb8c6 8. Qd4a4 Bf8b4 9. Ng1e2 Nf6e4 10. O-O Ne4c5 11. Ne2d4 Nc5xa4 12. Rf1e1 Ke8f8 13. Nd4xc6 bxc6 14. a3 Bb4xc3 15. bxc3 Na4xc3 16. Bc1b2 Nc3a4 17. Bb2d4 Qd8d7 18. Re1e3 c5 19. Bd4e5 f6 20. Re3f3 Bc8b7 21. Rf3f4 Na4c3 22. Be5xc3 d4 23. Bg2xb7 Qd7xb7 24. Bc3a5 Qb7b2 25. Ra1e1 Qb2xc2 26. g4 Ra8e8 27. g5 Re8xe1 28. Ba5xe1 Qc2b1 29. Rf4e4 Qb1xe4 0-1

[Event "Siege"]
[Date "2008.10.11"]
[EndDate "2008.10.17"]
[Round "?"]
[White "tomasino"]
[Black "hfrcan jouwe"]
[WhiteRating "1785"]
[BlackRating "1960"]
[WhiteElo "1785"]
[BlackElo "1960"]
[Result "0-1"]
[GameId "5535231"]

1. e4 e5 2. Ng1f3 Nb8c6 3. Bf1c4 Bf8c5 4. b4 Bc5xb4 5. c3 Bb4a5 6. O-O d6 7. d4 Ba5b6 8. d5 Nc6a5 9. Bc1g5 f6 10. Bg5h4 Na5xc4 11. Qd1a4 Bc8d7 12. Qa4xc4 g5 13. Bh4g3 h5 14. h4 g4 15. Nf3d2 Ng8h6 16. a4 a6 17. Nb1a3 f5 18. exf5 Nh6xf5 19. Kg1h1 Nf5xh4 20. Bg3xh4 Qd8xh4 21. Kh1g1 O-O 22. Nd2e4 g3 23. Ne4xg3 Qh4xg3 24. Na3c2 Bb6xf2 25. Rf1xf2 Qg3xf2 26. Kg1h1 Rf8f4 27. Qc4xf4 Qf2xf4 28. Nc2e1 Qf4f1 29. Kh1h2 Ra8f8 30. c4 Rf8f4 31. g3 Rf4f2 32. Ne1g2 Qf1xg2 0-1

[Event "RHP Coorespondance"]
[Date "2008.08.26"]
[EndDate "2008.09.21"]
[Round "?"]
[White "Ulysses72"]
[Black "tomasino"]
[WhiteRating "2175"]
[BlackRating "1785"]
[WhiteElo "2175"]
[BlackElo "1785"]
[Result "1-0"]
[GameId "5364210"]

1. d4 Ng8f6 2. c4 g6 3. Nb1c3 Bf8g7 4. e4 d6 5. f3 b6 6. Bf1d3 c5 7. d5 e5 8. Bc1e3 O-O 9. Ng1e2 Nb8d7 10. O-O h5 11. Be3g5 Bc8a6 12. Qd1d2 b5 13. cxb5 Ba6xb5 14. Nc3xb5 Qd8b6 15. Nb5c3 c4 16. Kg1h1 cxd3 17. Ne2c1 Nf6h7 18. Bg5e3 Qb6d8 19. Nc1xd3 h4 20. Nd3f2 g5 21. Nf2g4 f5 22. exf5 Rf8xf5 23. Nc3e4 h3 24. gxh3 a5 25. Ne4xd6 Rf5f8 26. Nd6e4 Rf8f5 27. Ne4g3 Rf5f7 28. Ra1c1 a4 29. d6 a3 30. b3 Qd8a5 31. Be3xg5 Qa5xd2 32. Bg5xd2 Ra8f8 33. Kh1g2 Nh7f6 34. Rc1c7 Nf6xg4 35. hxg4 Bg7f6 36. Bd2b4 Bf6d8 37. Rc7b7 Nd7b6 38. Rb7xf7 Rf8xf7 39. Rf1d1 Kg8g7 40. Ng3e4 Kg7g6 41. Bb4a5 Nb6c4 42. bxc4 Bd8xa5 43. Rd1b1 Ba5d8 44. c5 Kg6g7 45. c6 Bd8a5 46. Rb1b7 Rf7xb7 47. cxb7 1-0

[Event "RHP Coorespondance"]
[Date "2008.08.26"]
[EndDate "2008.09.17"]
[Round "?"]
[White "tomasino"]
[Black "Ulysses72"]
[WhiteRating "1785"]
[BlackRating "2175"]
[WhiteElo "1785"]
[BlackElo "2175"]
[Result "0-1"]
[GameId "5364209"]

1. e4 c5 2. Ng1f3 d6 3. d4 cxd4 4. Nf3xd4 Ng8f6 5. Nb1c3 a6 6. Bc1e3 e6 7. f3 b5 8. g4 Bc8b7 9. g5 Nf6d7 10. Qd1d2 Bf8e7 11. O-O-O Nd7e5 12. h4 Nb8c6 13. Bf1h3 Nc6xd4 14. Qd2xd4 O-O 15. Bh3g4 Ne5xg4 16. fxg4 Qd8c7 17. h5 f6 18. h6 e5 19. Qd4d3 Ra8c8 20. hxg7 Kg8xg7 21. gxf6 Rf8xf6 22. g5 Rf6g6 23. Rd1g1 b4 24. Nc3d5 Bb7xd5 25. exd5 a5 26. b3 Qc7c3 27. Qd3e4 a4 28. Rh1h6 axb3 29. axb3 Rc8a8 30. Rh6xg6 hxg6 31. Kc1d1 Ra8a1 32. Kd1e2 Ra1xg1 33. Be3xg1 Be7xg5 34. Qe4d3 Qc3c8 35. Qd3e4 Bg5f4 36. Bg1e3 g5 37. Be3xf4 Qc8g4 38. Ke2d3 Qg4xf4 39. c4 bxc3 40. Qe4xf4 gxf4 41. Kd3xc3 e4 42. Kc3d4 f3 43. Kd4xe4 f2 0-1

[Event "Reckless Players' Fast Duel I"]
[Date "2008.08.25"]
[EndDate "2008.08.30"]
[Round "3"]
[White "Royal Light"]
[Black "tomasino"]
[WhiteRating "1221"]
[BlackRating "1785"]
[WhiteElo "1221"]
[BlackElo "1785"]
[Result "1-0"]
[GameId "5359074"]

1. d4 Ng8f6 2. Nb1c3 d5 3. e4 dxe4 4. f3 exf3 5. Qd1xf3 Qd8xd4 6. Bc1e3 Qd4d6 7. Bf1d3 Bc8g4 8. Qf3xb7 Qd6c6 9. Bd3b5 Qc6xb5 10. Qb7xb5 Bg4d7 11. Qb5b7 Bd7c6 12. Qb7c8 1-0

[Event "RHP Coorespondance"]
[Date "2008.08.08"]
[EndDate "2008.08.13"]
[Round "?"]
[White "Bandecko"]
[Black "tomasino"]
[WhiteRating "1129"]
[BlackRating "1785"]
[WhiteElo "1129"]
[BlackElo "1785"]
[Result "1-0"]
[GameId "5303557"]

1. e4 d5 2. Bf1d3 dxe4 3. Bd3xe4 e5 4. Ng1f3 f6 5. O-O Bf8c5 6. Nf3g5 f5 7. d3 fxe4 8. Ng5xe4 b6 9. Qd1h5 g6 10. Qh5xe5 Ke8f8 11. Qe5xh8 Qd8e7 12. Bc1h6 Kf8e8 13. Qh8xg8 Ke8d7 14. Qg8d5 Bc5d6 15. Qd5xa8 Nb8c6 16. Nb1c3 Qe7e5 17. g3 Qe5d4 18. Bh6g5 Qd4h8 19. Ne4f6 Kd7e6 20. Qa8xc6 h6 21. Ra1e1 Ke6f5 22. Qc6f3 Kf5xg5 23. h4 1-0

[Event "Clan RHP Coorespondance"]
[Date "2008.07.25"]
[EndDate "2008.08.05"]
[Round "?"]
[White "OneThird"]
[Black "tomasino"]
[WhiteRating "1398"]
[BlackRating "1785"]
[WhiteElo "1398"]
[BlackElo "1785"]
[Result "1-0"]
[GameId "5254725"]

1. e4 c5 2. Ng1f3 d6 3. Bf1c4 e6 4. O-O d5 5. exd5 exd5 6. Bc4b3 Ng8f6 7. h3 b5 8. a3 c4 9. Bb3a2 a5 10. Nb1c3 b4 11. axb4 Bf8xb4 12. Nc3b5 Bb4c5 13. d4 cxd3 14. Qd1xd3 Bc8a6 15. Bc1g5 d4 16. Rf1e1 Ke8f8 17. Qd3c4 Qd8e7 18. Re1xe7 Kf8xe7 19. Ra1e1 Ke7d7 20. Qc4xf7 Kd7c6 21. Re1e6 Kc6xb5 22. Qf7xg7 Nb8d7 23. Bg5xf6 Nd7xf6 24. Re6xf6 Ra8g8 25. Ba2xg8 Rh8xg8 26. Qg7xg8 Bc5e7 27. Qg8e8 Kb5c4 28. Qe8xe7 Ba6b5 29. Qe7e6 Kc4b4 30. Qe6b3 Kb4c5 31. Nf3e5 Bb5e2 32. Rf6c6 1-0

[Event "RHP Coorespondance"]
[Date "2008.07.07"]
[EndDate "2008.08.13"]
[Round "?"]
[White "tomasino"]
[Black "MacBone"]
[WhiteRating "1785"]
[BlackRating "1239"]
[WhiteElo "1785"]
[BlackElo "1239"]
[Result "0-1"]
[GameId "5192320"]

1. e4 e5 2. Ng1f3 Nb8c6 3. Bf1c4 h6 4. d4 d6 5. dxe5 Bc8g4 6. O-O Bg4xf3 7. Qd1xf3 Nc6xe5 8. Qf3d1 Ng8f6 9. b3 Nf6xe4 10. Bc1b2 Ne5xc4 11. Qd1d4 Nc4xb2 12. Qd4xe4 Bf8e7 13. Nb1c3 O-O 14. Nc3d5 Rf8e8 15. Ra1b1 Be7f6 16. Qe4f5 Bf6d4 17. Qf5g4 c5 18. h4 Re8e5 19. Nd5f4 Qd8e7 20. Nf4h5 g6 21. Kg1h2 Ra8e8 22. f4 Re5xh5 23. g3 Qe7e2 24. Qg4xe2 Re8xe2 25. Kh2h3 Re2xc2 26. Rf1e1 Nb2d3 27. Re1e8 Kg8g7 28. Rb1f1 Nd3f2 29. Kh3g2 Nf2g4 30. Kg2h3 Ng4e3 31. Rf1e1 Rc2c3 32. g4 Ne3f5 33. Kh3g2 Nf5xh4 34. Kg2f1 Rh5d5 35. Re8e2 Rc3f3 36. Re2f2 Rf3xf2 37. Kf1g1 Nh4f3 38. Kg1h1 Rf2h2 0-1

[Event "RHP Coorespondance"]
[Date "2008.06.24"]
[EndDate "2008.07.01"]
[Round "?"]
[White "tomasino"]
[Black "ganilon"]
[WhiteRating "1785"]
[BlackRating "1607"]
[WhiteElo "1785"]
[BlackElo "1607"]
[Result "0-1"]
[GameId "5145612"]

1. e4 d5 2. exd5 Ng8f6 3. c4 e6 4. Nb1c3 exd5 5. cxd5 Nf6xd5 6. Nc3xd5 Qd8xd5 7. d4 Bf8b4 8. Bc1d2 Qd5xd4 9. Bd2xb4 Qd4xb4 10. Qd1d2 Qb4xd2 11. Ke1xd2 O-O 12. Ra1e1 Rf8d8 13. Kd2c1 c6 14. Bf1c4 Bc8f5 15. Ng1f3 h6 16. h4 b5 17. Re1e5 g6 18. Bc4b3 Nb8d7 19. Re5e3 Nd7c5 20. Nf3e5 Nc5xb3 21. axb3 Ra8c8 22. g4 Bf5e6 23. h5 g5 24. Rh1d1 Rd8d5 25. Kc1c2 Rc8c7 26. Rd1d2 f6 27. Ne5g6 Rd5xd2 28. Kc2xd2 Be6xg4 29. Re3e8 Kg8g7 30. Re8e7 Rc7xe7 31. Ng6xe7 c5 32. Kd2e3 Kg7f7 33. Ne7c6 a6 34. f3 Bg4xh5 35. Ke3e4 Kf7e6 36. Nc6d8 Ke6d6 37. Nd8b7 Kd6c6 38. Nb7d8 Kc6b6 39. Ke4d5 Bh5xf3 40. Kd5d6 g4 41. Nd8e6 g3 42. Ne6xc5 g2 43. Nc5d7 Kb6a5 44. Nd7xf6 g1=Q 45. Nf6d7 Qg1d4 46. Kd6c7 Qd4a7 47. Kc7d6 b4 48. Nd7e5 Bf3g2 49. Ne5d7 Bg2h3 50. Nd7e5 Qa7d4 51. Kd6c6 Qd4xe5 0-1

[Event "RHP Coorespondance"]
[Date "2008.06.24"]
[EndDate "2008.06.28"]
[Round "?"]
[White "tomasino"]
[Black "Bandecko"]
[WhiteRating "1785"]
[BlackRating "1129"]
[WhiteElo "1785"]
[BlackElo "1129"]
[Result "0-1"]
[GameId "5144808"]

1. e4 e5 2. f4 Nb8c6 3. Ng1f3 Bf8d6 4. d4 exf4 5. d5 Nc6e7 6. e5 Bd6c5 7. Bc1xf4 d6 8. Bf1b5 Bc8d7 9. exd6 cxd6 10. Bb5xd7 Qd8xd7 11. a3 Ng8f6 12. b4 Bc5b6 13. Nb1c3 O-O 14. Qd1d3 Ne7f5 15. g4 Ra8e8 16. Nc3e2 Nf6xg4 17. O-O-O Ng4f2 18. Qd3c3 Nf2xd1 19. Kc1xd1 Nf5e3 20. Kd1c1 Ne3xd5 21. Qc3d2 Qd7e6 22. Rh1e1 Bb6f2 23. Ne2d4 Bf2xe1 24. Nd4xe6 Be1xd2 25. Nf3xd2 Re8xe6 26. Bf4g3 Nd5c3 27. Nd2c4 Nc3e2 28. Kc1b2 Ne2xg3 29. hxg3 d5 0-1

[Event "March 2008 One-Zero Grand II"]
[Date "2008.03.08"]
[EndDate "2008.03.17"]
[Round "1"]
[White "Persian Pride"]
[Black "tomasino"]
[WhiteRating "995"]
[BlackRating "1785"]
[WhiteElo "995"]
[BlackElo "1785"]
[Result "1-0"]
[GameId "4708781"]

1. d4 Ng8f6 2. c4 g6 3. Nb1c3 Bf8g7 4. e4 d6 5. Ng1f3 c5 6. Bf1e2 O-O 7. d5 a6 8. Bc1d2 Nb8d7 9. O-O Nd7e5 10. Nf3xe5 dxe5 11. Qd1c1 b5 12. cxb5 e6 13. bxa6 Bc8xa6 14. Be2xa6 Ra8xa6 15. dxe6 Ra6xe6 16. Bd2g5 Re6d6 17. Nc3d5 Rd6xd5 18. exd5 Qd8xd5 19. Bg5xf6 Bg7xf6 20. Rf1d1 Qd5c6 21. b4 Qc6e4 22. Qc1xc5 1-0

[Event "March 2008 One-Zero Grand II"]
[Date "2008.03.08"]
[EndDate "2008.03.16"]
[Round "1"]
[White "jjrosen"]
[Black "tomasino"]
[WhiteRating "1042"]
[BlackRating "1785"]
[WhiteElo "1042"]
[BlackElo "1785"]
[Result "1-0"]
[GameId "4708741"]

1. d4 Ng8f6 2. Nb1c3 g6 3. Ng1f3 Bf8g7 4. Bc1f4 d5 5. e3 O-O 6. Bf1b5 c6 7. Bb5d3 Nb8d7 8. Nf3e5 a5 9. g3 Qd8b6 10. Nc3a4 Qb6b4 11. c3 1-0

[Event "March 2008 One-Zero Grand II"]
[Date "2008.03.08"]
[EndDate "2008.03.17"]
[Round "1"]
[White "tomasino"]
[Black "Persian Pride"]
[WhiteRating "1785"]
[BlackRating "995"]
[WhiteElo "1785"]
[BlackElo "995"]
[Result "0-1"]
[GameId "4708723"]

1. e4 c6 2. d4 d5 3. e5 Bc8f5 4. Ng1f3 e6 5. Bc1g5 Qd8b6 6. h4 Qb6xb2 7. Nb1a3 Bf8xa3 8. Bf1d3 Bf5xd3 9. cxd3 Ba3b4 10. Nf3d2 Bb4xd2 11. Bg5xd2 Qb2xd4 12. O-O Qd4xh4 13. Ra1b1 b6 14. Bd2b4 Ng8h6 15. f3 Nh6f5 16. Bb4e1 Qh4g5 17. f4 Qg5h6 18. a4 Nf5e3 19. Qd1e2 Ne3xf1 20. Qe2xf1 O-O 21. d4 Nb8d7 22. Qf1d3 Qh6xf4 0-1

[Event "March 2008 One-Zero Grand II"]
[Date "2008.03.08"]
[EndDate "2008.03.27"]
[Round "1"]
[White "tomasino"]
[Black "76Xadres"]
[WhiteRating "1785"]
[BlackRating "1322"]
[WhiteElo "1785"]
[BlackElo "1322"]
[Result "0-1"]
[GameId "4708722"]

1. e4 e5 2. Ng1f3 Ng8f6 3. Nf3xe5 Bf8c5 4. Bf1c4 O-O 5. d4 Bc5b6 6. O-O d6 7. Bc4xf7 Kg8h8 8. Bc1g5 dxe5 9. dxe5 Qd8xd1 10. Rf1xd1 Bb6xf2 11. Kg1xf2 Nf6xe4 12. Kf2e3 Ne4xg5 13. Bf7h5 Nb8c6 14. Nb1c3 Nc6b4 15. Rd1d2 Bc8f5 16. Rd2f2 g6 17. Bh5f3 Ng5f7 18. Ra1f1 Nb4xc2 19. Ke3f4 Ra8e8 20. g4 Bf5d3 21. Rf1d1 Nf7xe5 22. Kf4g5 Ne5xf3 23. Kg5h6 Nc2e3 24. Rd1xd3 Ne3xg4 0-1

[Event "March 2008 One-Zero Grand II"]
[Date "2008.03.08"]
[EndDate "2008.03.16"]
[Round "1"]
[White "tomasino"]
[Black "jjrosen"]
[WhiteRating "1785"]
[BlackRating "1042"]
[WhiteElo "1785"]
[BlackElo "1042"]
[Result "0-1"]
[GameId "4708721"]

1. e4 e5 2. Ng1f3 Ng8f6 3. Nf3xe5 Qd8e7 4. f4 Nf6xe4 5. d3 Ne4f2 6. Ke1xf2 Qe7c5 7. Bc1e3 Qc5d5 8. c4 d6 9. cxd5 Bf8e7 10. Nb1c3 f6 11. Ne5c4 Bc8f5 0-1

[Event "March 2008 One-Zero Grand II"]
[Date "2008.03.08"]
[EndDate "2008.03.30"]
[Round "1"]
[White "tomasino"]
[Black "red cloud"]
[WhiteRating "1785"]
[BlackRating "1665"]
[WhiteElo "1785"]
[BlackElo "1665"]
[Result "0-1"]
[GameId "4708719"]

1. e4 d6 2. Nb1c3 g6 3. d4 Bf8g7 4. Ng1f3 Bc8g4 5. h3 Bg4xf3 6. Qd1xf3 Nb8c6 7. d5 Nc6d4 8. Qf3f4 Nd4xc2 9. Ke1d1 Nc2xa1 10. Bf1b5 Ke8f8 11. Qf4f3 a6 12. Bb5d3 c6 13. dxc6 bxc6 14. Bd3c4 Ng8f6 15. g4 e6 16. Bc1e3 d5 17. exd5 cxd5 18. Be3c5 Kf8g8 19. Bc4d3 e5 20. Qf3g3 e4 21. Kd1d2 exd3 22. Kd2xd3 Nf6e4 23. Nc3xe4 dxe4 24. Kd3xe4 Na1c2 25. Qg3d6 Qd8e8 26. Qd6e7 Qe8xe7 27. Bc5xe7 Ra8e8 28. Rh1c1 Re8xe7 29. Ke4d3 Nc2b4 30. Kd3d2 Re7d7 31. Kd2e3 Bg7h6 0-1

[Event "March 2008 One-Zero Grand II"]
[Date "2008.03.08"]
[EndDate "2008.04.01"]
[Round "1"]
[White "tomasino"]
[Black "Leaadas"]
[WhiteRating "1785"]
[BlackRating "1623"]
[WhiteElo "1785"]
[BlackElo "1623"]
[Result "0-1"]
[GameId "4708718"]

1. e4 e5 2. Ng1f3 Nb8c6 3. Bf1c4 Ng8f6 4. d4 exd4 5. Nf3xd4 d6 6. Bc1g5 Bf8e7 7. Nd4f5 Bc8xf5 8. exf5 O-O 9. Bg5xf6 Be7xf6 10. c3 Rf8e8 11. Bc4e2 Qd8e7 12. Nb1d2 d5 13. Nd2f3 Ra8d8 14. Nf3d4 Nc6xd4 15. cxd4 Qe7e4 16. f3 Qe4xd4 17. Qd1xd4 Bf6xd4 18. Ra1d1 Bd4xb2 19. O-O Bb2a3 20. Be2d3 Ba3c5 21. Kg1h1 Re8e3 22. Bd3c2 c6 23. a4 Rd8e8 24. a5 a6 25. g4 Bc5b4 26. Rf1g1 Re3xf3 27. Rd1b1 c5 28. Bc2a4 Re8e2 29. Rb1f1 Rf3xf1 30. Rg1xf1 Re2e1 31. Rf1xe1 Bb4xe1 32. Ba4d7 Be1xa5 33. Bd7c8 b5 34. Bc8xa6 b4 35. g5 c4 36. g6 hxg6 37. fxg6 fxg6 38. h4 b3 39. Ba6b7 b2 40. Bb7xd5 Kg8h7 41. Bd5e4 c3 42. Be4b1 Kh7h6 43. Kh1h2 g5 44. hxg5 Kh6xg5 45. Kh2g3 Kg5f6 46. Kg3g4 Kf6e5 47. Kg4f3 Ke5d4 0-1